Ninguém dá prendas ao Pai Natal (Registo nº 750)

Detalhes MARC
000 -Etiqueta do registo
Cabeçalho 00908nam0a22003491 4500
005 - Identificador da versão
Campo de controlo 20240813121813.0
010 ## - Número internacional normalizado dos livros (ISBN)
Número (ISBN) 972814685X
021 ## - Número do Depósito Legal
Código do país PT
Número 105046/96
035 ## - Other System Control Numbers
System Control Number 0000820
System Control Number 0000815
System Control Number 0000808
System Control Number 0000796
100 ## - Dados gerais de processamento
Dados gerais de processamento 20071210d19962002a e0pory5003 ba
102 ## - Pais de publicação ou produção
País de publicação Portugal
101 0# - Língua de publicação
Língua do texto, banda sonora, etc. Português
Língua do documento no original Português
106 ## - Campo de dados codificados: material textual
Dados codificados do material textual r
105 ## - Campo de dados codificados: livros
Dados codificados dos livros a z 001yy
215 ## - Descrição física 
Indicação específica da natureza do documento e extensão da espécie 15 p.
Outras indicações físicas il.
Dimensões cm
200 1# - Titulo e menção de responsabilidade
Título próprio Ninguém dá prendas ao Pai Natal
Primeira menção de responsabilidade Ana Saldanha
Outras menções de responsabilidade il. Joana Quental
225 2# - Colecção 
Título próprio da colecção Palmo e Meio
Indicação de volume 3
205 ## - Menção da edição
Menção da edição 2ª ed.
210 ## - Publicação, Distribuição, etc. 
Lugar da edição, distribuição, etc. Porto
Nome do editor, distribuidor, etc. Campo das Letras
Data da publicação, distribuição, etc. 2002
606 ## - Nome comum usado como assunto
Número de registo de entrada de autoridade 0000985
Palavra de ordem Contos
Subdivisão de assunto Publicações Infantis
675 ## - Classificação Decimal Universal (CDU)
Notação 821.134.3-34
Edição BN
Língua da edição por
702 #1 - Nome de autor-pessoa física (responsabilidade secundária)
Número de registo de entrada de autoridade 0001042
Código de função Ilustrador / Técnico de desenho computorizado
701 #1 - Nome de autor-pessoa física (co-responsabilidade principal)
Palavra de ordem Quental
Outra parte do nome não tomada para palavra de ordem Joana
Código de função Ilustrador / Técnico de desenho computorizado
700 #1 - Nome de autor-pessoa física (responsabilidade principal)
Número de registo de entrada de autoridade 0001040
Palavra de ordem Saldanha
Outra parte do nome não tomada para palavra de ordem Ana
Datas 1959-
942 ## - Elementos de entrada adicionados (Koha)
Tipo de item no Koha Livro
Exemplares
Situação do levantamento Origin of item (home branch) (coded) Biblioteca de empréstimo Código de barras Cota Circulation type (not for loan) Tipo de documento Nota do exemplar Damaged status
  Biblioteca Escolar Eng. Nuno Mergulhão Biblioteca Escolar Eng. Nuno Mergulhão BENM1362 8POR SAL   Livro Sem mensagem